Представление документа в формате RUSMARC

ПолеНазваниеЗначение
  Тип записи a
  Библиографический уровень a
001 Контрольный номер RU/CBS_UL/BASE/720552086
005 Дата корректировки 20240209175334.4
100 Данные общей обработки __
a Данные общей обработки 20221031d2022 ||| 0rusy0189 ca
101 Язык документа 0_
a Язык текста rus
102 Страна публикации __
a Страна публикации RU
105 Кодированные данные (монография) __
a Кодированные данные (монография) y###||||000|y
181 Поле кодированных данных: вид содержания _1
a Код вида содержания (ISBD) i#
b Код характеристики содержания (ISBD) #xxe##
d i
g x
h x
i e
2 Код системы (источник кода, отличный от ISBD) isbdcontent
182 Поле кодированных данных: тип средства _1
a Код типа средства (ISBD) n
2 Код системы (источник кода, отличный от ISBD) isbdmedia
200 Заглавие и сведения об ответственности 1_
a Заглавие Когда рыба пахнет мылом, а рыба металлом...
b Общее обозначение материала Текст
e Сведения, относящиеся к заглавию [беседа с оториноларингологом, директором лор-клиники № 1 г. Москвы Ю.Ю. Голоновой о нарушениях обоняния после перенесённой коронавирусной инфекции]
g Последующие сведения об ответственности подгот. И. Сендецкая
w Текст (визуальный) : непосредственный
203 Вид содержания и тип средства __
a Вид содержания Текст
b Характеристика содержания визуальный
c Тип средства непосредственный
333 Примечание о целевом назначении __
a Примечание о целевом назначении 12+
461 Уровень набора _0
1 2000
a Славянка
463 Уровень физической единицы _0
1 001RU/CBS_UL/BASE/720012598
1 2000
a № 2
v С. 94-97 : фот.
1 210
d 2022
606 Тематические рубрики 0_
a Основная рубрика Оториноларингология
610 Ключевые слова 0_
a Ключевые слова оториноларингология
a Ключевые слова нарушения обоняния
a Ключевые слова коронавирусные инфекции
686 Индексы других классификаций __
a Классификационный индекс 56.8
2 Код системы rubbk
801 Источник записи _0
a Страна RU
b Организация МБУК ЦБС г. Ульяновска
c Дата составления 20221031
g Правила каталогизации RCR
801 Источник записи _1
a Страна RU
b Организация МБУК ЦБС г. Ульяновска
c Дата составления 20221031
g Правила каталогизации RCR
901 Тип документа __
t Тип документа b
w Контрольный № источника RU/CBS_UL/BASE/720012598
910 Корректоры записи __
a Корректор записи Библиотека 1-2
938 Служебная информация __
a Имя БД period